| 000 | 00977nam a2200217Ia 4500 | ||
|---|---|---|---|
| 999 |
_c56401 _d56401 |
||
| 001 | 23514 | ||
| 003 | GE_BSU | ||
| 005 | 20260213124810.0 | ||
| 008 | 181216s2004||||ge |||||||||||||| ||geo|| | ||
| 020 | _a99940-12-08-8 | ||
| 040 | _cGE_BSU | ||
| 041 | _ageo | ||
| 080 | _a94(100)"04/14"(075.8) შ-93 | ||
| 245 |
_aშუა საუკუნეების ისტორია. ტ. 1 : _bსახელმძღვანელო / _cრედ.: გ. კუტალია. ; სარედ. კოლ. : კ. მეშველიანი, გ. კუტალია, ლ. ხუბაშვილი და სხვ. |
||
| 264 |
_aთბილისი : _bთბილ. უნ-ტის გამ-ბა, _c2004. |
||
| 300 |
_a509 გვ. ; _c20 სმ. |
||
| 541 | _h12 ლ. | ||
| 653 | _aშუა საუკუნეების ისტორია. ტ. 1 | ||
| 700 |
_aკუტალია, გ. _eრედაქტორი _914210 |
||
| 942 |
_cBK _2udc |
||